ბათუმის შოთა რუსთაველის სახელმწიფო უნივერსიტეტის ბიბლიოთეკა

ადამიანის ნორმალური ანატომია : (ბიბ.ჩანაწერი № 53524)

000 -ლიდერი
ფიქსირებული სიგრძის საკონტროლო ველი 01029nam a2200217Ia 4500
001 - საკონტროლო ნომერი
საკონტროლო ველი 20570
003 - საკონტროლო ნომრის იდენტიფიკატორი
საკონტროლო ველი GE_BSU
005 - ბოლო ოპერაციის თარიღი და დრო
საკონტროლო ველი 20210222154747.0
008 - ფიქსირებული სიგრძის მონაცემთა ელემენტები - ზოგადი ინფორმაცია
ფიქსირებული სიგრძის საკონტროლო ველი 181216s2011||||ge |||||||||||||| ||geo||
040 ## - კატალოგიზაციის წყარო
Transcribing agency GE_BSU
041 ## - ენის კოდი
Language code of text/sound track or separate title geo
080 ## - უნივერსალური ათობითი კლასიფიკაციის ინდექსი
Universal Decimal Classification number 611(075.8) ხ-46
100 ## - მთავარი ჩანაწერი - პიროვნების სახელი
Personal name ხეცურიანი, რამაზ
9 (RLIN) 629
245 ## - ცნობა სათაურის შესახებ
Title ადამიანის ნორმალური ანატომია :
Remainder of title სახელმძღვანელო სამედიცინო უმაღლესი სკოლის სტუდენტათვის /
Statement of responsibility, etc რამაზ ხეცურიანი ; სამეც.რედ. ასმათ შუკაკიძე.
264 ## - წარმოების, გამოცემის, დისტრიბუციის და სხვა ცნობები
გამოცემის, წარმოების, დისტრიბუციის... ადგილი თბილისი :
გამოცემის, წარმოების, დისტრიბუციის... სახელწოდება ფავორიტი პრინტი,
გამოცემის, წარმოების, დისტრიბუციის... თარიღი 2011.
300 ## - ფიზიკური აღწერა
Extent 338 გვ. :
Other physical details სურ. ;
Dimensions 23 სმ.
653 ## - INDEX TERM--UNCONTROLLED
Uncontrolled term ადამიანის ნორმალური ანატომია
653 ## - INDEX TERM--UNCONTROLLED
Uncontrolled term მედიცინა
942 ## - ADDED ENTRY ELEMENTS (KOHA)
Koha item type წიგნი
Source of classification or shelving scheme

არაა ხელმისაწვდომი ეგზემპლარები.